mysqli: Table './ulib62015/stat_globaluid' is marked as crashed and should be repaired
select id from stat_globaluid where statuid='20260517112435_3427'
mysqli: Table './ulib62015/stat_globaluid' is marked as crashed and should be repaired
DELETE FROM stat_globaluid
WHERE id NOT IN (
SELECT id
FROM (
SELECT id
FROM stat_globaluid
ORDER BY id DESC
LIMIT 100
) foo
);
mysqli: Table './ulib62015/stat_globaluid' is marked as crashed and should be repaired
insert into stat_globaluid set
statuid='20260517112435_3427',
dt='1778991875',
phpself='/ULIB62015/dublinfull.php',
agent='Mozilla/5.0 AppleWebKit/537.36 (KHTML, like Gecko; compatible; ClaudeBot/1.0; +claudebot@anthropic.com)',
yea='2026',
mon='5',
dat='17',
ip='216.73.216.45'
mysqli: Table './ulib62015/stathist_viewbib_bib_type' is marked as crashed and should be repaired
insert into stathist_viewbib_bib_type set
dat='17' ,
mon='05' ,
yea='2026' ,
statuid='20260517112435_3427' ,
head='13399123344' ,
foot='marc' ,
dt='1778991875'
| LEADER : 00000nam 2200000uu 4500 |
| 001 13399123344 |
| 003 ULIB |
| 008 231106s2565||||th 000 0 tha d |
| 020 ^a9786164437012
|
| 060 04 ^aWB105^bก451 2565
|
| 245 00 ^aการดูแลรักษาผู้บาดเจ็บก่อนถึงโรงพยาบาล =^bPrehospital trauma care /^cบรรณาธิการ, ไชยพร ยุกเซ็น
|
| 246 31 ^aPrehospital trauma care
|
| 250 ^aพิมพ์ครั้งที่ 2
|
| 260 ^aกรุงเทพฯ :^bโครงการตำรารามาธิบดี คณะแพทยศาสตร์โรงพยาบาลรามาธิบดี มหาวิทยาลัยมหิดล,^c2565
|
| 300 ^axxii, 482 หน้า :^bภาพประกอบสี ;^c27 ซม.
|
| 505 0 ^gตอนที่ 1 ระบบการแพทย์ฉุกเฉิน--บทที่ 1^tบริการการแพทย์ฉุกเฉิน --บทที่ 2^tกฎหมายเกี่ยวกับระบบการแพทย์ฉุกเฉิน --บทที่ 3^tระบบคัดแยก
|
| 505 0 ^gตอนที่ 2 การดูแลรักษาผู้บาดเจ็บ --บทที่ 4^tการดูแลรักษาผู้บาดเจ็บ ณ จุดเกิดเหตุ--บทที่ 5^tการประเมินภาวะเสียเลือดปริมาณมาก --บทที่ 6^tการป้องกันกระดูกต้นคอ --บทที่ 7^tการประเมินทางเดินหายใจส่วนบน --บทที่ 8^tการประเมินการหายใจ --บทที่ 9^tการประเมินระบบไหลเวียนโลหิต --บทที่ 10^tการประเมินระบบประสาท -- บทที่ 11^tการประเมินบาดแผลภายนอกและ Adjunct to Primary Survey -- บทที่ 12^tการประเมิน Secondary Survey --บทที่ 13^tการดูแลรักษาผู้บาดเจ็บที่มีลักษณะเฉพาะ --บทที่ 14^tการยกและเคลื่อนย้ายผู้บาดเจ็บ
|
| 505 0 ^gตอนที่ 3 การดูแลรักษาผู้บาดเจ็บในสถานการณ์พิเศษ -- บทที่ 15^tการจัดการภัยพิบัติและอุบัติภัยหมู่ --บทที่ 16^tการดูแลผู้ป่วยฉุกเฉินนอกโรงพยาบาลในสถานการณ์การแพร่ระบาดของเชื้อไวรัสโคโรนา 2019
|
| 650 4 ^aเวชศาสตร์ฉุกเฉิน
|
| 650 4 ^aบาดแผลและบาดเจ็บ^xการรักษา
|
| 700 0 ^aไชยพร ยุกเซ็น,^eบรรณาธิการ
|
| 710 2 ^aมหาวิทยาลัยมหิดล.^bคณะแพทยศาสตร์โรงพยาบาลรามาธิบดี.^bโครงการตำรารามาธิบดี
|
| 945 ^p650^l0^i030272
|
| 945 ^p650^l0^i030273
|
| 945 ^p650^l0^i030274
|
| 945 ^p650^l0^i030275
|
| 945 ^p650^l0^i030276 |
| 999 ^a57066
|
| คุณยังไม่ได้ล็อกอิน คุณสามารถมีกิจกรรมร่วมกับเว็บไซต์ได้ แต่ต้องล็อกอินก่อน :: |
|
|
|
| ลำดับที่ |
ประเภท |
เลขเรียก/บาร์โค้ด |
สถานที่ |
สถานะ |
| 1. |
 หนังสือ | WB105 ก451 2565 ฉ.1 Barcode: 030272 | หนังสือทั่วไป | บนชั้น ขอยืม |
| Note:งบประมาณปี 2566 (เวชกิจฉุกเฉิน) |
| 2. |
 หนังสือ | WB105 ก451 2565 ฉ.2 Barcode: 030273 | หนังสือทั่วไป | บนชั้น ขอยืม |
| Note:งบประมาณปี 2566 (เวชกิจฉุกเฉิน) |
| 3. |
 หนังสือ | WB105 ก451 2565 ฉ.3 Barcode: 030274 | หนังสือทั่วไป | บนชั้น ขอยืม |
| Note:งบประมาณปี 2566 (เวชกิจฉุกเฉิน) |
| 4. |
 หนังสือ | WB105 ก451 2565 ฉ.4 Barcode: 030275 | หนังสือทั่วไป | บนชั้น ขอยืม |
| Note:งบประมาณปี 2566 (เวชกิจฉุกเฉิน) |
| 5. |
 หนังสือ | WB105 ก451 2565 ฉ.5 Barcode: 030276 | หนังสือทั่วไป | บนชั้น ขอยืม |
| Note:งบประมาณปี 2566 (เวชกิจฉุกเฉิน) |
รายการใกล้เคียง
หัวเรื่อง [เวชศาสตร์ฉุกเฉิน]
|
|
ยังไม่เคยถูกคอมเมนท์
|
| คอมเมนท์ทรัพยากรรายการนี้ |
|